00638nam a2200169 4500001000700000003000900007005001700016007000300033008004100036100003800077245007500115260007500190300003000265852003200295999001900327952012200346121665ES-MaACL20230906191809.0t|070214s1964 sp r ||||1| spa d1 aPortela Pazos, Salustiano.99321113aLa guerra de la independencia en Galicia / cSalustiano Portela Pazos. aSantiago de Compostela : b[s.n.], c1964 (fTip. Seminario Conciliar) a240 p. : bil. ; c24 cm. aES-MaACLjC-27177 bR.55050 c121665d121665 00104070aATENEOMbATENEOMcDEPO2d2008-01-17eSCl0oC-27177p1126790r2023-02-23 00:00:00w2023-02-23yMONOGRAFIA